| 000 | 00497nam a22001817a 4500 | ||
|---|---|---|---|
| 003 | OSt | ||
| 005 | 20150310095737.0 | ||
| 008 | 150310b xxu||||| |||| 00| 0 eng d | ||
| 040 | _cBMC | ||
| 082 | _a808.06882 | ||
| 100 | 1 |
_aMujica Láinez, Manuel _930537 _d1910-1984 |
|
| 245 | 1 | 0 |
_aCrónicas reales _cManuel Mujica Lainez |
| 250 | _a3ª ed | ||
| 260 |
_aBuenos Aires _bSudamericana _c1975 |
||
| 300 |
_a331 p., 1 h. _c18 cm |
||
| 650 | 2 | 4 |
_931273 _aCuentos argentinos |
| 942 |
_2ddc _cBK _hahoj |
||
| 999 |
_c19416 _d19416 |
||